000 00887nam a2200253Ia 4500
003 GCL
008 140319s9999 xx 000 0 ara d
020 _a9837305977
040 _aGCL /
_cGCL
082 0 4 _a792.024
_bف م
100 1 _aحامد احمد غانم
245 1 0 _aالمنظر المسرحى /
_cحامد احمد غانم
700 1 _aفولر, فولكر
250 _aالاولى
260 _aالقاهرة :
_bوزارة الثقافة - مهرجان القاهرة الدولى للمسرح التجريبى ،
_c2005
300 _a263 ص ؛
_c24 سم
650 0 4 _aالديكور الداخلى
650 0 4 _aالديكور المسرحى
650 0 4 _aالمسارح - ديكور
650 0 4 _aالمسارح - اضاءة
650 0 4 _aالمسرح - التاثيرات الضوئية
650 0 4 _aديكورات الاضاءه
942 _2ddc
_cBK
999 _c7775
_d7775